000 00566nam a2200217 i 4500
001 C2-0283340
003 PPAK
005 20180729000634.0
008 071114s2007 my |||| ||||| | kor d
040 _aPPAK
_beng
_cPPAK
_erda
245 0 0 _aFly daddy fly
264 1 _aKuala Lumpur :
_bAOE Worldwide ,
_c2007
336 _2rdacontent
_atext
337 _2rdamedia
_aunmediated
338 _2rdacarrier
_avolume
500 _aVCD 2515/07
700 _eauthor
700 1 _aChoi, Jong-Tae,
_ecompile
700 1 _aKim, Chang-Joo,
_eeditor
942 _2ddc
_cVCD
999 _c165481
_d165481